| 000 | 00990nam a2200289 i 4500 | ||
|---|---|---|---|
| 001 | bg | ||
| 100 | 1 | _aHarmon, Eric. | |
| 245 | 1 | 0 |
_aProgramowanie COM w Delphi / _cEric Harmon ; [tł. Paweł Głowacki]. |
| 246 |
_iTyt. oryg.: _aDelphi COM programming |
||
| 260 |
_aWarszawa : _b"Translator", _ccop. 2000. |
||
| 300 |
_aXIV, 500 s. : _bil. ; _c24 cm. |
||
| 500 | _aTyt. oryg.: "Delphi COM programming" 2000. - Na okł. podtyt.: porady eksperta na temat tworzenia skalowanych aplikacji COM/DCOM w Delphi w wersjach od 3 do 5. | ||
| 504 | _aIndeks. | ||
| 650 | 9 | _aDelphi | |
| 655 | _aPodręczniki | ||
| 700 | 1 |
_aGłowacki, Paweł. _eTł. |
|
| 020 | _a8386149612 | ||
| 020 | _a1578702216 (oryg.) | ||
| 040 | _cBPK | ||
| 041 | 1 |
_apol _heng |
|
| 080 | _a004.438(07)A/Z | ||
| 920 | _a83-86149-61-2 | ||
| 920 | _a1-57870-221-6 (oryg.) | ||
| 942 | _cKS | ||
| 008 | s pl f |000 0 pol | ||
| 999 |
_c43757 _d43757 |
||
| 856 |
_uhttp://koha.tu.koszalin.pl/cgi-bin/koha/opac-detail.pl?biblionumber=43757 _yKatalog online BPK |
||